000
00210 a2200109 4500
020
_a
9781841487762
041
_a
spa
100
_a
Blackstone, Stella
245
_a
Oso en la Cuidad
942
_c
BK
952
_7
4
999
_c
20714
_d
20714